00583 a2200169 45000010006000000050017000060080041000230030015000640400040000790800085001192450088002042640033002923000019003250410008003441000023003527000038003756097020260407155900.0260407a1973 arg spa dAR-UNSa-BCEJYS aAR-UNSa-BCEJYSbspacAR-UNSa-BCEJYS a342.4xConstituciones. Asambleas legislativas. Asambleas nacionales (Reforma...)10aConstitución de la Nación ArgentinapConcordada con sus reformas y antecedentes 1aBuenos Aires :bAstreac1973 a370 p.c17 cm. aspa1 aZarini, Helio Juan1 aArgentina [Constitucion Nacional]